Attacking facility reasoning : a practical guideto fallacy-free arguments

Bibliographic Details
Main Author: Damer, T. Edward (Author)
Format: Book
Language:English
Published: California : Thomson wadsworth 2005
Edition:Fifth edition
Subjects:

MARC

LEADER 00000cam a2200000 7i4500
001 0000015644
005 20241022.0
008 050915 cau eng
020 |a 0534605168 
040 |a INS   |b eng   |e rda 
090 0 0 |a BC175   |b D35 1995 
100 1 |a Damer, T. Edward ,   |e author 
245 1 0 |a Attacking facility reasoning :   |b a practical guideto fallacy-free arguments   |c T. Edward Damer 
250 |a Fifth edition 
264 1 |a California :   |b Thomson wadsworth   |c 2005 
300 |a xii, 228 pages ;   |c 24 cm. 
336 |a text  |2 rdacontent 
337 |a unmediated  |2 rdamedia 
338 |a volume  |2 rdacarrier 
500 |a Includes index 
650 0 |a Fallacies (Logic) 
650 0 |a Reasoning. 
999 |a 0000015702   |b BOOK   |c Open Shelf   |e Default branch